Modern child psychology. (Record no. 77474)

MARC details
000 -LEADER
fixed length control field 00429nam a2200181Ia 4500
003 - CONTROL NUMBER IDENTIFIER
control field OSt
005 - DATE AND TIME OF LATEST TRANSACTION
control field 20260108094159.0
008 - FIXED-LENGTH DATA ELEMENTS--GENERAL INFORMATION
fixed length control field 210210b1948 xxu||||| |||| 00| 0 eng d
040 ## - CATALOGING SOURCE
Transcribing agency AL
082 ## - DEWEY DECIMAL CLASSIFICATION NUMBER
Classification number 150/10
100 ## - MAIN ENTRY--PERSONAL NAME
Personal name Bowley A H
9 (RLIN) 250695
245 ## - TITLE STATEMENT
Title Modern child psychology.
260 ## - PUBLICATION, DISTRIBUTION, ETC.
Name of publisher, distributor, etc. Not Mentioned
Date of publication, distribution, etc. 1948
650 ## - SUBJECT ADDED ENTRY--TOPICAL TERM
Topical term or geographic name entry element Child psychology
9 (RLIN) 250696
690 ## - LOCAL SUBJECT ADDED ENTRY--TOPICAL TERM (OCLC, RLIN)
Topical term or geographic name as entry element Psychology
9 (RLIN) 250697
906 ## - LOCAL DATA ELEMENT F, LDF (RLIN)
a 000959
942 ## - ADDED ENTRY ELEMENTS (KOHA)
Source of classification or shelving scheme Dewey Decimal Classification
Koha item type Book
Holdings
Withdrawn status Lost status Source of classification or shelving scheme Damaged status Not for loan Collection code Home library Current library Date acquired Cost, normal purchase price Total Checkouts Full call number Barcode Date last seen Price effective from Koha item type
    Dewey Decimal Classification     Psychology St Aloysius Library St Aloysius Library 02/17/2021 0.00   150/10 000959 02/17/2021 02/17/2021 Book